Estadísticas pesqueras artesanales de los departamentos del Magdalena y La Guajira, con aplicación de herramientas informáticas para su sistematización y procesamiento

Saved in:
書目詳細資料
主要作者: Manjarrés Martínez, Luis M. (autor)
格式: 圖書
語言:西班牙语
出版: Santa Marta Universidad del Magdalena 2004
主題:
標簽: 添加標簽
沒有標簽, 成為第一個標記此記錄!

MARC

LEADER 00000nam a2200000 a 4500
001 UCI1899
003 CL-VaPUC
008 070727e20040000CK |||||||||||||||||spa|d
020 |a 9589743714 
082 0 4 |a 639.2  |b MAN  |2 21 
100 |a Manjarrés Martínez, Luis M.  |e autor  |9 522687 
245 1 0 |a Estadísticas pesqueras artesanales de los departamentos del Magdalena y La Guajira, con aplicación de herramientas informáticas para su sistematización y procesamiento 
300 |a 72 p 
942 |c BK 
945 |d 20070727 00:00:00  |a rbrito 
260 |a Santa Marta  |b Universidad del Magdalena  |c 2004 
500 |a Incluye CD 
650 0 |a Pesca artesanal   |9 261256 
650 7 |a ESTADISTICAS PESQUERAS  |2 CL-VaPUC  |9 522699 
650 0 |a Recursos pesqueros  |9 255431 
650 0 |a Pesca  |9 258707 
650 7 |a COMPOSICION DE LA CAPTURA  |2 CL-VaPUC  |9 522700 
650 7 |a OPERACION PESQUERA  |2 CL-VaPUC  |9 522701 
583 |a last modification  |c 20070727 00:00:00  |k Rodrigo Vera 
999 |c 326592  |d 326590 
952 |0 0  |1 0  |4 0  |6 639_200000000000000_MAN_2004  |7 0  |8 CCM  |9 408613  |a BIBCUR  |b BIBCUR  |d 2019-11-22  |i 4360362  |o 639.2 MAN 2004  |p 4360362  |r 2025-04-22  |w 2019-11-22  |y BK  |k CIM